000 005580000a22001810004500
003 MACL
005 20160410134038.0
008 160410b xxu||||| |||| 00| 0 eng d
040 _aMACL
_cMACL
041 _aHindi
082 _a658
100 _aप्रतिभा तिवारी
_951730
245 _aशिक्षाप्रद गृह विज्ञान
260 _aदिल्‍ली
_bशाहिल साहित्‍य निकेतन
_c2010
350 _a150
650 _aHome Sci.
_951714
942 _cHIN
_k658
_2ddc
999 _c46949
_d46949